00592nam a2200181 i 450000100060000000300090000600500170001500700030003200800410003510000350007624500900011126000830020130000220028449000190030665000340032583000190035985200320037874342ES-MaACL20250809040017.0t|040917s1977 sp ||||1| spa d1 aGonzález Navarro, Francisco.13aLa nueva Ley fundamental para la reforma política / cFrancisco González Navarro. aMadrid : bPresidencia del Gobierno, Servicio Central de Publicaciones,c1977. a453 p. ; c17 cm.1 aInforme ; v1404aDerecho político-zEspaña0 aInforme ; v14 aES-MaACLjL-6177 bR.106020